|
|
|
|
| LEADER |
00000nab a2200000 a 4500 |
| 001 |
vtls000926661 |
| 003 |
SK-MaSNL |
| 005 |
20260304031004.0 |
| 008 |
040720e20000509xo 0 slo |
| 035 |
|
|
|a KE35538
|
| 040 |
|
|
|a KEVKJB
|b slo
|c KEVKJB
|e AACR2
|
| 041 |
0 |
|
|a slo
|
| 044 |
|
|
|a xo
|c SK
|
| 080 |
|
|
|a 352
|2 1981
|
| 100 |
1 |
|
|a Klesnilová, Alžbeta
|4 aut
|9 838469
|
| 245 |
1 |
0 |
|a Ďalšie dve obce stoja pred rozdelením
|b Ivan Budiak: Veľa problémov sa dá riešiť osobitným prístupom k miestnym častiam
|
| 520 |
|
|
|a Družstevná nad Hornádom a Kostoľany nad Hornádom
|
| 650 |
0 |
7 |
|a verejná správa
|2 KEVKJB
|9 1538
|
| 650 |
0 |
7 |
|a rozdelenie
|2 KEVKJB
|9 880495
|
| 650 |
0 |
7 |
|a informácie
|2 KEVKJB
|9 1285
|
| 651 |
|
7 |
|a Družstevná pri Hornáde (Slovensko)
|2 KEVKJB
|9 29640
|
| 651 |
|
7 |
|a KS,
|2 KEVKJB
|9 880381
|
| 655 |
|
7 |
|a periodikum
|2 snkbucl
|9 29553
|
| 773 |
0 |
8 |
|t Národná obroda
|g Roč. 11
|g Roč. 28, č.105, 9.5.2000, s. 11
|
| 773 |
0 |
8 |
|i Príl.:
|t Regióny
|
| 852 |
|
|
|a ZVYKNI
|b KIS3GCP
|
| 999 |
|
|
|c 2635874
|d 2637804
|